00430nam a2200181Ia 4500003000400000005001700004008004100021020001800062040000700080041000800087082002200095100001900117245003600136250000600172260003800178300001900216365001300235OSt20230415094805.0210423s2010 xx 000 0 und d a9788131501474 cAL aeng a658.1511 DRUC223 aDRURY (Colin). aManagement and cost accounting. a6 aAustraliabCengage Learningc2010 axxxii,1280bPB b550cINR